| 000 | 00000nam##2200000za#4500 |
| 001 | 9.623735 |
| 003 | CaOODSP |
| 005 | 20200327175041 |
| 007 | ta |
| 008 | 150406|1995||||xxc||||| f|0| 0 fre|d |
| 020 | |a0-662-80854-1 |
| 040 | |aCaOODSP|bfre |
| 043 | |an-cn--- |
| 086 | 1 |aLU2-153/204-1995F |
| 110 | 1 |aCanada.|bDéveloppement des ressources humaines Canada. |bAssurance-chômage. |
| 245 | 13|aLa durée d'emploi et l'assurance-chômage : |bemplois saisonniers et non saisonniers / |cpar David A. Green et Timothy C. Sargent. |
| 260 | |aOttawa - Ontario : |bDéveloppement des ressources humaines Canada. |c1995. |
| 300 | |a61p. : |bgraphiques, tableaux ; |c30 cm. |
| 490 | 1 |aSérie d'évaluations de l'assurance-chômage |
| 500 | |a«Dans ce document, on se demande si le régime d'assurance-chômage peut avoir d'importantes incidences néfastes sur la durée des emplois saisonniers et non saisonniers.»--Résumé. |
| 504 | |aBibliographie. |
| 520 | 3 |aDans ce document, on se demande si le régime d'assurance-chômage peut avoir d'importantes incidences néfastes sur la durée des emplois saisonniers et non saisonniers.--Résumé |
| 563 | |aCouverture souple |
| 590 | |a96-06|b1996-02-09 |
| 691 | 07|aAssurance-emploi|2gcpds |
| 720 | 1 |aGreen, David A. |
| 720 | 1 |aSargent, Timothy C. |
| 776 | 0#|tLa durée d'emploi et l'assurance-chômage : |w(CaOODSP)9.606557 |
| 830 | #0|aSérie d'évaluations de l'assurance-chômage.|w(CaOODSP)9.513113 |
| 986 | |aIN-AH-204F-05-95 |